000 01187cam a22002771i 4500
003 SA-RiAUC
005 20240916125849.0
008 240912s1979 sp g 000 p ara c
040 _aSA-RiKSU
_bara
_cSA-RiAUC
_erda
041 1 _aara
_hspa
082 0 4 _a861
090 _a861 م خ ت
_bم خ ت
245 0 0 _aمختارات من الشعر الإسباني /
_cترجمة عبد العزيز الأهواني [ومجموعة آخرون]
264 1 _aمدريد :
_bالمعهد الإسباني العربي للثقافة،
_c1979
300 _a4 مجلد ؛
_c22 سم.
336 _aنص
_btxt
_2rdacontent
_3كتاب
337 _aبدون وسيط
_bn
_2rdamedia
338 _aمجلد
_bnc
_2rdacarrier
440 0 _aكلاسيكيون في اللغة الإسبانية
_v5
505 2 _aالمحتويات : مجلد 2. العصر الذهبي- مجلد 4. من المحدثين إلى جيل السابع والعشرين.
650 7 _aالشعر الإسباني
_2aucsh
650 7 _aالأدب الإسباني
_2aucsh
700 1 _aالأهواني، عبد العزيز،
_d1915-1980
_eمترجم.
942 _2ddc
_cBOOK
949 _aSA-JeALM
_d240912
_umohamedma123
_n1
999 _c289
_d289